| 000 | 00635nam a2200181 a 4500 | ||
|---|---|---|---|
| 001 | 538 | ||
| 003 | CDMR | ||
| 005 | 20151030104202.0 | ||
| 008 | 130130s1972||||||||||||||||||||||||||||d | ||
| 040 |
_aCDMR _bcat _cCDMR |
||
| 111 | 2 |
_aCongreso Nacional de Comunicación Humana y Ecología _cBarcelona _d1972 _n1º _9387 |
|
| 245 | 1 | 0 |
_aComunicación y condición humana _b: ponencias presentadas al I Congreso Nacional de Comunicación Humana y Ecología |
| 260 |
_aBarcelona _c1972 _bGràfiques Romargraf [imp.] |
||
| 300 |
_a498 p ; _c24 cm |
||
| 650 | 0 | 4 |
_aComunicació _94399 _xCongressos |
| 650 | 0 | 4 |
_9388 _aComunicació humana |
| 942 |
_cMON _2udc |
||
| 999 |
_c538 _d538 |
||